[Event "ESP-ch U18"]
[Site "Salobrena"]
[Date "2019.07.23"]
[Round "3"]
[White "Dan, Teodor"]
[Black "Mamani Beltran, Daniel"]
[Result "1/2-1/2"]
[WhiteElo "2109"]
[BlackElo "1827"]
[PlyCount "67"]
[EventDate "2019.07.22"]
[EventType "swiss"]
[EventRounds "9"]
[EventCountry "ESP"]
[SourceTitle "CBM 191 Extra"]
[Source "ChessBase"]
[SourceDate "2019.09.30"]
[SourceVersion "1"]
[SourceVersionDate "2019.09.30"]
[SourceQuality "1"]

1. d4 d5 2. c4 e6 3. Nc3 Be7 4. cxd5 exd5 5. Bf4 Nf6 6. e3 0-0 7. Bd3 c5 8. Nge2 Nc6 9. h3 cxd4 10. Nxd4 Nxd4 11. exd4 Bd6 12. Bxd6 Qxd6 13. 0-0 Bd7 14. Qd2 Rfe8 15. Rfe1 Bc6 16. Rxe8+ Rxe8 17. Nb5 Qb8 18. Re1 Rxe1+ 19. Qxe1 a6 20. Nc3 Qe8 21. Kf1 Ne4 22. Kg1 Nd6 23. Qxe8+ Nxe8 24. b4 Nc7 25. Kf1 Ne6 26. Ne2 h6 27. Ke1 Kf8 28. Kd2 Ke7 29. Ke3 Kf6 30. Ng3 g6 31. h4 Ng7 32. Nf1 Bd7 33. Nd2 Bf5 34. Nf3 1/2-1/2

[Event "La Roda op 45th"]
[Site "La Roda"]
[Date "2018.03.31"]
[Round "7"]
[White "Dan, Teodor"]
[Black "Perez Garcia, Alejandro"]
[Result "0-1"]
[WhiteElo "2164"]
[BlackElo "2355"]
[PlyCount "123"]
[EventDate "2018.03.28"]
[EventType "swiss"]
[EventRounds "9"]
[EventCountry "ESP"]
[SourceTitle "CBM 183 Extra"]
[Source "ChessBase"]
[SourceDate "2018.04.19"]
[SourceVersion "1"]
[SourceVersionDate "2018.04.19"]
[SourceQuality "1"]

1. d4 Nf6 2. c4 e6 3. Nc3 Bb4 4. Qc2 b6 5. a3 Bxc3+ 6. Qxc3 Bb7 7. Bg5 h6 8. Bh4 g5 9. Bg3 Ne4 10. Qc2 c5 11. Be5 0-0 12. f3 d6 13. Bg3 Nxg3 14. hxg3 Qf6 15. dxc5 dxc5 16. Nh3 Qg7 17. Nf2 f5 18. e3 Nc6 19. 0-0-0 Rad8 20. Bd3 Ne5 21. Be2 Ng6 22. Rxd8 Rxd8 23. Rd1 Rxd1+ 24. Nxd1 Ne5 25. Qa4 Bc6 26. Qc2 Qd7 27. Qd2 Qxd2+ 28. Kxd2 g4 29. f4 Nd7 30. Bf1 Nf6 31. Nc3 Kf7 32. Ke2 Ke7 33. Kf2 Kd6 34. Bd3 Kc7 35. Bc2 Kb7 36. e4 fxe4 37. Ke3 Nh5 38. Nxe4 Bxe4 39. Bxe4+ Kc7 40. Kf2 Kd6 41. Bg6 Ng7 42. Ke3 Ke7 43. Be4 Kf6 44. Bd3 Ne8 45. Be2 Nd6 46. Bd3 a6 47. a4 h5 48. b3 Nc8 49. Be4 Nd6 50. Bd3 Nb7 51. Bc2 Na5 52. f5 exf5 53. Kf4 Nc6 54. Bxf5 Nd4 55. Bc8 a5 56. Bd7 Nxb3 57. Be8 Nd2 58. Bxh5 Nxc4 59. Bxg4 Nb2 60. Be2 c4 61. Ke4 c3 62. Ke3 0-1

[Event "Aragon-chT Honor Titulo"]
[Site "Aragon"]
[Date "2018.03.24"]
[Round "9.15"]
[White "Avellanas Pau, Miguel Angel"]
[Black "Dan, Teodor"]
[Result "1-0"]
[WhiteElo "1843"]
[BlackElo "2164"]
[PlyCount "90"]
[EventDate "2018.03.17"]
[EventType "team-tourn"]
[EventRounds "10"]
[EventCountry "ESP"]
[SourceTitle "EXT 2019"]
[Source "ChessBase"]
[SourceDate "2018.10.10"]
[SourceVersion "1"]
[SourceVersionDate "2018.10.10"]
[SourceQuality "1"]
[WhiteTeam "Barbastro"]
[BlackTeam "Palacio de Pioneros"]
[WhiteTeamCountry "ESP"]
[BlackTeamCountry "ESP"]

1. e4 g6 2. d4 Bg7 3. Nf3 d6 4. Nc3 Nf6 5. h3 0-0 6. Bc4 Nxe4 7. Nxe4 d5 8. Bd3 dxe4 9. Bxe4 c5 10. c3 Nd7 11. 0-0 Nf6 12. Bc2 cxd4 13. Qxd4 Nd5 14. Qh4 e5 15. Bg5 f6 16. Rad1 fxg5 17. Nxg5 h6 18. Bxg6 Qxg5 19. Qxg5 hxg5 20. Rxd5 Bf6 21. Be4 Kf7 22. Rfd1 Rb8 23. a4 a6 24. Rc5 Re8 25. g4 Be6 26. Rd6 Ke7 27. Rb6 Red8 28. Rc7+ Rd7 29. Rxe6+ Kxe6 30. Bf5+ Kd5 31. Rxd7+ Kc6 32. Rh7 b6 33. Rh6 Rf8 34. h4 Kc5 35. Bd3 gxh4 36. Bxa6 Bg5 37. b4+ Kd5 38. Rxb6 h3 39. Bb7+ Kc4 40. a5 Bf4 41. a6 Rd8 42. Kf1 h2 43. a7 Rd1+ 44. Ke2 Rd2+ 45. Ke1 h1Q+ 1-0

[Event "Aragon-chT Honor Gr II"]
[Site "Aragon"]
[Date "2018.02.17"]
[Round "4.7"]
[White "Lacruz Algarate, Alvaro"]
[Black "Dan, Teodor"]
[Result "1-0"]
[WhiteElo "2113"]
[BlackElo "2164"]
[PlyCount "45"]
[EventDate "2018.01.27"]
[EventType "team-tourn"]
[EventRounds "7"]
[EventCountry "ESP"]
[SourceTitle "EXT 2019"]
[Source "ChessBase"]
[SourceDate "2018.10.10"]
[SourceVersion "1"]
[SourceVersionDate "2018.10.10"]
[SourceQuality "1"]
[WhiteTeam "Agrupacion"]
[BlackTeam "Palacio de Pioneros"]
[WhiteTeamCountry "ESP"]
[BlackTeamCountry "ESP"]

1. e4 g6 2. d4 Bg7 3. Nc3 d6 4. Be3 Nf6 5. Qd2 c6 6. Bh6 Bxh6 7. Qxh6 b5 8. Bd3 Qb6 9. Nf3 Bg4 10. Ng5 Qxd4 11. Qg7 Rf8 12. Nxh7 Nbd7 13. Nxf8 Nxf8 14. 0-0 b4 15. Nd1 Bxd1 16. Raxd1 Rd8 17. Rfe1 N8h7 18. e5 Ng4 19. Qxh7 Nxf2 20. Qh8+ Kd7 21. Bf5+ gxf5 22. Qxd8+ Kxd8 23. Rxd4 1-0

[Event "Aragon-chT Honor Gr II"]
[Site "Aragon"]
[Date "2018.02.10"]
[Round "3.11"]
[White "Dan, Teodor"]
[Black "Eizaguerri Floris, Maria"]
[Result "1-0"]
[WhiteElo "2164"]
[BlackElo "2119"]
[PlyCount "81"]
[EventDate "2018.01.27"]
[EventType "team-tourn"]
[EventRounds "7"]
[EventCountry "ESP"]
[SourceTitle "EXT 2019"]
[Source "ChessBase"]
[SourceDate "2018.10.10"]
[SourceVersion "1"]
[SourceVersionDate "2018.10.10"]
[SourceQuality "1"]
[WhiteTeam "Palacio de Pioneros"]
[BlackTeam "Jaque"]
[WhiteTeamCountry "ESP"]
[BlackTeamCountry "ESP"]

1. d4 d5 2. c4 c6 3. Nf3 Nf6 4. Nc3 e6 5. Bg5 h6 6. Bh4 dxc4 7. e4 g5 8. Bg3 b5 9. Be2 Bb7 10. h4 g4 11. Ne5 Nbd7 12. Nxd7 Qxd7 13. Be5 Qe7 14. Bxg4 Rg8 15. Bf3 0-0-0 16. Qc2 Ng4 17. Bxg4 Rxg4 18. 0-0-0 Rxh4 19. Rhe1 Rh5 20. Qe2 Rg5 21. Qf3 Bg7 22. Bxg7 Rxg7 23. g3 b4 24. Na4 Qg5+ 25. Qe3 Qa5 26. b3 c3 27. a3 c2 28. Kxc2 bxa3 29. Qc3 Qb5 30. Nc5 h5 31. Rh1 Rg6 32. Rd2 Rh6 33. f4 Rg8 34. Rd3 h4 35. Kb1 hxg3 36. Rg1 g2 37. Rg3 Rxg3 38. Qxg3 Qf1+ 39. Ka2 Qxg1 40. Qg8+ Kc7 41. Qxf7+ 1-0

[Event "Andorra op 35th"]
[Site "Escaldes"]
[Date "2017.07.25"]
[Round "4"]
[White "Dan, Teodor"]
[Black "Steinberg, Nitzan"]
[Result "0-1"]
[WhiteElo "2191"]
[BlackElo "2543"]
[PlyCount "80"]
[EventDate "2017.07.22"]
[EventType "swiss"]
[EventRounds "9"]
[EventCountry "AND"]
[SourceTitle "CBM 179 Extra"]
[Source "ChessBase"]
[SourceDate "2017.08.23"]
[SourceVersion "1"]
[SourceVersionDate "2017.08.23"]
[SourceQuality "1"]

1. d4 d5 2. c4 c6 3. Nf3 e6 4. Qc2 f5 5. Bf4 Nf6 6. e3 Be7 7. Bd3 Ne4 8. 0-0 0-0 9. h3 Nd7 10. Nc3 Bf6 11. Nd2 Qe7 12. f3 Nxc3 13. bxc3 b6 14. Bg3 Bb7 15. cxd5 cxd5 16. a4 a5 17. Rab1 Rfc8 18. Rb3 g6 19. Bb5 Bc6 20. Qd3 Kg7 21. Rfb1 e5 22. Bxc6 Rxc6 23. c4 exd4 24. exd4 Qf7 25. Rc1 Rac8 26. Rbc3 Be7 27. cxd5 Rxc3 28. Rxc3 Rxc3 29. Qxc3 Bb4 30. Qc2 Qxd5 31. Qc4 Qf7 32. Qxf7+ Kxf7 33. Nc4 Ke6 34. Bc7 Bc3 35. d5+ Kxd5 36. Nxb6+ Nxb6 37. Bxb6 Bd4+ 38. Bxd4 Kxd4 39. Kf2 f4 40. Ke2 Kc3 0-1

[Event "Andorra op 35th"]
[Site "Escaldes"]
[Date "2017.07.23"]
[Round "2"]
[White "Dan, Teodor"]
[Black "Riff, Jean Noel"]
[Result "0-1"]
[WhiteElo "2191"]
[BlackElo "2493"]
[PlyCount "76"]
[EventDate "2017.07.22"]
[EventType "swiss"]
[EventRounds "9"]
[EventCountry "AND"]
[SourceTitle "CBM 179 Extra"]
[Source "ChessBase"]
[SourceDate "2017.08.23"]
[SourceVersion "1"]
[SourceVersionDate "2017.08.23"]
[SourceQuality "1"]

1. d4 e6 2. c4 Bb4+ 3. Bd2 a5 4. Nc3 d6 5. e4 e5 6. a3 Bxc3 7. Bxc3 Qe7 8. Bd3 Nf6 9. f3 c5 10. d5 a4 11. Ne2 Nbd7 12. b4 axb3 13. Qxb3 Nh5 14. 0-0 0-0 15. Bd2 g5 16. g3 f6 17. a4 Rf7 18. a5 Nf8 19. Nc3 Ng6 20. Na4 Bh3 21. Rf2 Ng7 22. Bf1 Bxf1 23. Rfxf1 f5 24. Nc3 f4 25. g4 h5 26. h3 Ne8 27. Qb5 Ra6 28. Kf2 Nf6 29. Rh1 Rh7 30. Qb1 Nh4 31. Qd1 Qc7 32. Nb5 Qd7 33. Ra3 Rh6 34. Nc3 Qh7 35. Ra1 Ng6 36. Na4 hxg4 37. hxg4 Rh2+ 38. Rxh2 Qxh2+ 0-1

[Event "Aragon-chT Honor GrB"]
[Site "Aragon"]
[Date "2017.03.04"]
[Round "6.24"]
[White "Uldemolins Nivela, Mateo"]
[Black "Dan, Teodor"]
[Result "0-1"]
[WhiteElo "1942"]
[BlackElo "2068"]
[PlyCount "42"]
[EventDate "2017.01.28"]
[EventType "team-tourn"]
[EventRounds "7"]
[EventCountry "ESP"]
[SourceTitle "EXT 2018"]
[Source "ChessBase"]
[SourceDate "2017.10.13"]
[SourceVersion "1"]
[SourceVersionDate "2017.10.13"]
[SourceQuality "1"]
[WhiteTeam "Jaque"]
[BlackTeam "Palacio de Pioneros"]
[WhiteTeamCountry "ESP"]
[BlackTeamCountry "ESP"]

1. e4 g6 2. d4 Bg7 3. Nc3 d6 4. Nf3 Nf6 5. Bc4 0-0 6. Bb3 c6 7. a4 d5 8. exd5 cxd5 9. 0-0 Nc6 10. h3 e6 11. Bf4 Ne4 12. Ne2 Na5 13. c3 Qb6 14. Nc1 Bd7 15. Ne5 Rfd8 16. Qc2 Rac8 17. Rd1 Be8 18. Ba2 Nc6 19. Ncd3 Nxd4 20. Qb1 Ne2+ 21. Kh2 Nxf4 0-1

[Event "Salou op U2200 1st"]
[Site "Salou"]
[Date "2016.05.01"]
[Round "6"]
[White "Romero Pallares, Daniel"]
[Black "Dan, Teodor"]
[Result "0-1"]
[WhiteElo "2141"]
[BlackElo "2002"]
[PlyCount "120"]
[EventDate "2016.04.29"]
[EventType "swiss"]
[EventRounds "6"]
[EventCountry "ESP"]
[SourceTitle "CBM 172 Extra"]
[Source "ChessBase"]
[SourceDate "2016.06.21"]
[SourceVersion "1"]
[SourceVersionDate "2016.06.21"]
[SourceQuality "1"]

1. e4 g6 2. d4 Bg7 3. Nc3 d6 4. f4 Nf6 5. Nf3 0-0 6. e5 Nfd7 7. Bc4 Nb6 8. Bb3 Nc6 9. Be3 Na5 10. Qe2 c6 11. 0-0 Bg4 12. h3 Bxf3 13. Rxf3 Nxb3 14. axb3 Nd5 15. Ne4 Nxe3 16. Qxe3 dxe5 17. fxe5 b6 18. c3 h6 19. Nf2 Qd5 20. c4 Qe6 21. Nd3 Qd7 22. Nf4 e6 23. Rd1 Qc7 24. Re1 Rfe8 25. Qe4 Rad8 26. Nd3 Qd7 27. Kh1 Qxd4 28. Qxc6 Re7 29. Re4 Qd7 30. Nb4 a5 31. Rd3 Qxc6 32. Rxd8+ Qe8 33. Rxe8+ Rxe8 34. Nc6 Kf8 35. Rd4 Rc8 36. Rd6 Ke8 37. Na7 Rb8 38. Nc6 Rc8 39. Na7 Rb8 40. Rc6 Bxe5 41. Nc8 Kd7 42. Na7 Ra8 43. Rxb6 Rxa7 44. c5 Kc7 45. g4 Rb7 46. Ra6 Rb5 47. c6 Rb6 48. Rxa5 Bxb2 49. Ra7+ Kxc6 50. Rxf7 Rxb3 51. Kg2 Kd6 52. Rh7 Ke5 53. Rxh6 g5 54. h4 gxh4 55. Rxh4 Kf4 56. Rh6 e5 57. Rf6+ Kxg4 58. Rf7 Bd4 59. Rf8 Rb2+ 60. Kf1 Rf2+ 0-1

[Event "Zaragoza-ch Segunda 1st"]
[Site "Zaragoza"]
[Date "2014.11.02"]
[Round "5.4"]
[White "Sanz Navarro, Alberto"]
[Black "Dan, Teodor"]
[Result "1-0"]
[WhiteElo "1693"]
[BlackElo "1500"]
[PlyCount "59"]
[EventDate "2014.09.28"]
[EventType "swiss"]
[EventRounds "9"]
[EventCountry "ESP"]
[SourceTitle "EXT 2024"]
[Source "ChessBase"]
[SourceDate "2023.10.10"]
[SourceVersion "1"]
[SourceVersionDate "2023.10.10"]
[SourceQuality "1"]

1. e4 g6 2. f4 Bg7 3. d4 c5 4. d5 d6 5. Nf3 Nf6 6. Bb5+ Bd7 7. Bxd7+ Nbxd7 8. Qe2 0-0 9. Nc3 Qb6 10. 0-0 Rac8 11. h3 Nh5 12. Kh2 Nxf4 13. Bxf4 Qxb2 14. Rab1 Qxc3 15. Rxb7 Rfd8 16. Rxa7 Ra8 17. Rxa8 Rxa8 18. Qb5 Ra7 19. Qc6 Qxc2 20. Qc8+ Nf8 21. e5 Rxa2 22. Qg4 Qd3 23. exd6 Qxf1 24. dxe7 h5 25. Qg3 Ra1 26. Qg5 Qe2 27. Be5 Ra2 28. e8Q Bxe5+ 29. Nxe5 Qf2 30. Nd7 1-0